| 000 | 00492nam a2200205Ia 4500 | ||
|---|---|---|---|
| 003 | OSt | ||
| 005 | 20140314151859.0 | ||
| 008 | 140130s9999 xx 000 0 und d | ||
| 020 | _a059020677X | ||
| 050 |
_aPZ 7 _b.L673 1996 |
||
| 100 | _aLewis, Bill Dallas | ||
| 245 |
_cBill Dallas Lewis _aThe Code king / |
||
| 260 |
_bScholastic, _c1996. _aU.S.A : |
||
| 300 |
_a16 p. : _bcol. ill. ; _c27 cm. |
||
| 440 | _v1 | ||
| 521 | _aG2 | ||
| 526 | _c390 | ||
| 942 |
_cBK _2lcc |
||
| 999 |
_c40210 _d40210 |
||